[Event "DVM U16 2003"]
[Site "Greifswald GER"]
[Date "2003.12.27"]
[Round "2"]
[White "Rutschke, Bernhard"]
[Black "Baldauf, Manuel"]
[Result "0-1"]
[Termination "normal"]
[Board "2.3"]
[WhiteElo "1922"]
[BlackElo "1658"]
[WhiteTeam "SV Glück Auf Rüdersdorf"]
[BlackTeam "SG Pang/Rosenheim"]
[PlyCount "118"]
[WhiteFideId "24611050"]
[BlackFideId "4648528"]
[EventCountry "GER"]
[EventRounds "7"]
[EventType "team-swiss"]
[EventDate "2003.12.26"]

1. e4 c5 2. Nc3 e6 3. Nf3 Nc6 4. d4 cxd4 5. Nxd4 Nf6 6. Nb3 a6 7. Be2 Qc7 8.
O-O Be7 9. Be3 b5 10. a3 O-O 11. f4 d6 12. Kh1 Bb7 13. Bf3 Rac8 14. g4 Nd7 15.
Qe1 Nb6 16. Rd1 Nc4 17. Bc1 Nb8 18. Nd4 Nxa3 19. bxa3 Qxc3 20. Rd3 Qxe1 21.
Rxe1 Nd7 22. Bd2 Rfd8 23. Kg2 g6 24. Ba5 Re8 25. c3 Nc5 26. Rdd1 Kf8 27. Nc2
Na4 28. Rd3 Nb2 29. Rd4 Nc4 30. Bb4 a5 31. Rxc4 Rxc4 32. Bxa5 Bf6 33. e5 Bxf3+
34. Kxf3 dxe5 35. fxe5 Be7 36. Re3 Ra8 37. Bb4 Bxb4 38. axb4 Rac8 39. Nd4 Rxc3
40. Nxb5 Rxe3+ 41. Kxe3 Rb8 42. Nd4 Rxb4 43. h3 Ra4 44. Nf3 Kg7 45. g5 h6 46.
h4 h5 47. Nd4 Kf8 48. Nf3 Ke7 49. Kd3 Kd7 50. Nd4 Ra3+ 51. Ke4 Ra1 52. Nf3 Kc7
53. Kd4 Kb6 54. Ke4 Kc5 55. Nd2 Ra4+ 56. Kf3 Rxh4 57. Kg3 Ra4 58. Nf3 Ra3 59.
Kf4 Rxf3+ 0-1

[Event "DVM U16 2003"]
[Site "Greifswald GER"]
[Date "2003.12.27"]
[Round "2"]
[White "Häußler, Philipp"]
[Black "Beißer, Jacob"]
[Result "1/2-1/2"]
[Termination "normal"]
[Board "2.4"]
[WhiteElo "1705"]
[BlackElo "1935"]
[WhiteTeam "SG Pang/Rosenheim"]
[BlackTeam "SV Glück Auf Rüdersdorf"]
[PlyCount "96"]
[BlackFideId "24603392"]
[EventCountry "GER"]
[EventRounds "7"]
[EventType "team-swiss"]
[EventDate "2003.12.26"]

1. Nf3 Nf6 2. c4 e6 3. Nc3 d5 4. cxd5 exd5 5. d4 c6 6. Bg5 Nbd7 7. e3 Be7 8.
Bd3 O-O 9. O-O Ne4 10. Bxe4 Bxg5 11. Bd3 Be7 12. Qc2 Nf6 13. h3 Bd6 14. a3 Re8
15. b4 a6 16. Rfb1 Qe7 17. Na4 Ne4 18. Nb6 Rb8 19. Nxc8 Rbxc8 20. Re1 f5 21.
Nd2 Qh4 22. Nxe4 fxe4 23. Bf1 Rf8 24. g3 Qe7 25. Bg2 Rf7 26. Qe2 Rcf8 27. Rf1
Ra8 28. Rac1 a5 29. b5 Bxa3 30. Rc2 Rc8 31. Rd1 Qd7 32. h4 Rff8 33. Ra1 Bb4 34.
Rac1 cxb5 35. Rxc8 Rxc8 36. Rxc8+ Qxc8 37. Qxb5 Qc6 38. Bf1 Qxb5 39. Bxb5 Kf7
40. Kg2 Bd2 41. g4 h6 42. h5 Ke7 43. Kg3 Be1 44. Kg2 Kd6 45. f4 Bh4 46. Kf1 Kc7
47. Ke2 Kb6 48. Ba4 Kc7 1/2-1/2

[Event "DVM U16 2003"]
[Site "Greifswald GER"]
[Date "2003.12.27"]
[Round "2"]
[White "Degtiarev, Jevgeni"]
[Black "Süß, Stefan"]
[Result "1-0"]
[Termination "normal"]
[Board "3.1"]
[WhiteElo "2284"]
[BlackElo "2009"]
[WhiteTeam "SG Aufbau Elbe Magdeburg"]
[BlackTeam "FSV Großenseebach"]
[PlyCount "89"]
[WhiteFideId "4149610"]
[BlackFideId "24606090"]
[EventCountry "GER"]
[EventRounds "7"]
[EventType "team-swiss"]
[EventDate "2003.12.26"]

1. d4 Nf6 2. c4 g6 3. Nc3 d5 4. cxd5 Nxd5 5. e4 Nxc3 6. bxc3 Bg7 7. Bc4 c5 8.
Ne2 O-O 9. O-O Nc6 10. Be3 Bg4 11. f3 Na5 12. Bxf7+ Rxf7 13. fxg4 Rxf1+ 14.
Kxf1 Qd6 15. Kg1 Rd8 16. Qc2 cxd4 17. cxd4 Nc6 18. Qb3+ e6 19. e5 Qd7 20. Rf1
Na5 21. Qb4 Nc6 22. Qb1 Ne7 23. h4 Nd5 24. Bd2 Rf8 25. Rf3 Qa4 26. h5 Rxf3 27.
gxf3 gxh5 28. gxh5 Qa3 29. Kf2 Qe7 30. Qe4 Qf7 31. Qg4 Kh8 32. Ng3 Bf8 33. Ne4
Qg8 34. Bg5 h6 35. Bf6+ Nxf6 36. Nxf6 Qxg4 37. Nxg4 Kg7 38. Ke3 b5 39. Kd3 Kf7
40. Ne3 Ke7 41. f4 Kd7 42. f5 a5 43. f6 Kc6 44. Ng2 Kd7 45. Nf4 1-0

[Event "DVM U16 2003"]
[Site "Greifswald GER"]
[Date "2003.12.27"]
[Round "2"]
[White "Borel, Markus"]
[Black "Großmann, Susan"]
[Result "1-0"]
[Termination "normal"]
[Board "3.2"]
[WhiteElo "1926"]
[BlackElo "1886"]
[WhiteTeam "FSV Großenseebach"]
[BlackTeam "SG Aufbau Elbe Magdeburg"]
[PlyCount "91"]
[WhiteFideId "24605522"]
[BlackFideId "24608220"]
[EventCountry "GER"]
[EventRounds "7"]
[EventType "team-swiss"]
[EventDate "2003.12.26"]

1. e4 d6 2. Nc3 Nf6 3. d3 g6 4. g3 Bg7 5. Bg2 c5 6. Nge2 Nc6 7. h3 O-O 8. O-O
Rb8 9. f4 Qc7 10. g4 e6 11. Ng3 Nd4 12. f5 exf5 13. exf5 h6 14. Nd5 Nxd5 15.
Bxd5 Kh7 16. f6 Bh8 17. Qd2 g5 18. Ne4 Ne6 19. h4 Qd7 20. hxg5 Nxg5 21. Nxg5+
Kg8 22. Rf5 Bxf6 23. Ne4 Bg7 24. Qh2 Qe7 25. Bxh6 Bxf5 26. gxf5 Qe5 27. Bxg7
Qxh2+ 28. Kxh2 Kxg7 29. Rg1+ Kh6 30. Nf6 Rbd8 31. Bxb7 a5 32. Be4 a4 33. a3 Rh8
34. Bd5 Rhf8 35. b3 axb3 36. cxb3 Rc8 37. a4 Rc7 38. Rg2 Rb8 39. Bc4 Ra7 40.
Kh3 Re7 41. Kh4 Re1 42. Ng4+ Kg7 43. Ne5+ Kh7 44. Nxf7 Rf8 45. Nxd6 Rf6 46.
Bg8+ 1-0

[Event "DVM U16 2003"]
[Site "Greifswald GER"]
[Date "2003.12.27"]
[Round "2"]
[White "Schwenke, Vincent"]
[Black "Hofmann, Benjamin"]
[Result "0-1"]
[Termination "normal"]
[Board "3.3"]
[WhiteElo "1560"]
[BlackElo "1979"]
[WhiteTeam "SG Aufbau Elbe Magdeburg"]
[BlackTeam "FSV Großenseebach"]
[PlyCount "62"]
[WhiteFideId "24620467"]
[BlackFideId "24605743"]
[EventCountry "GER"]
[EventRounds "7"]
[EventType "team-swiss"]
[EventDate "2003.12.26"]

1. e4 g6 2. d4 Bg7 3. Nc3 d6 4. f3 Nd7 5. Be3 e5 6. d5 Ngf6 7. Qd2 a6 8. Bh6
Bxh6 9. Qxh6 b5 10. h4 Qe7 11. g4 Qf8 12. Qe3 h5 13. Be2 b4 14. Nd1 Nc5 15. Nf2
Qg7 16. c3 Rb8 17. Rc1 O-O 18. Ngh3 bxc3 19. Qxc3 hxg4 20. fxg4 Nfxe4 21. Nxe4
Nxe4 22. Qxc7 Rxb2 23. Ng5 Ng3 24. Rh2 Rxe2+ 25. Rxe2 Nxe2 26. Kxe2 Bxg4+ 27.
Ke1 Qh6 28. Qe7 Qxh4+ 29. Kd2 Qf2+ 30. Kc3 Qd4+ 31. Kc2 Bf5+ 0-1

[Event "DVM U16 2003"]
[Site "Greifswald GER"]
[Date "2003.12.27"]
[Round "2"]
[White "Kirch, Daniel"]
[Black "Spandel, Michael"]
[Result "0-1"]
[Termination "normal"]
[Board "3.4"]
[WhiteElo "2016"]
[BlackElo "1544"]
[WhiteTeam "FSV Großenseebach"]
[BlackTeam "SG Aufbau Elbe Magdeburg"]
[PlyCount "82"]
[WhiteFideId "24605786"]
[EventCountry "GER"]
[EventRounds "7"]
[EventType "team-swiss"]
[EventDate "2003.12.26"]

1. d4 d5 2. c4 e6 3. Nc3 c5 4. Nf3 Nf6 5. Bg5 Nc6 6. e3 cxd4 7. exd4 Be7 8. a3
O-O 9. b4 Re8 10. Be2 Qc7 11. O-O dxc4 12. Bxc4 Nxb4 13. Bxf6 Bxf6 14. Nb5 Qxc4
15. Nd6 Qc6 16. Nxe8 Qxe8 17. axb4 Bd7 18. Re1 a6 19. Rc1 Rd8 20. Ne5 Ba4 21.
Qf3 Qe7 22. Qc3 Bg5 23. Ra1 Bb5 24. Rad1 Ba4 25. Rd3 Qd6 26. Qc5 Qb8 27. h3 Rc8
28. Nc6 bxc6 29. Qxg5 Qxb4 30. Ree3 Bb5 31. Rg3 g6 32. Rd2 a5 33. Qe3 a4 34.
Qc3 Qb1+ 35. Kh2 Ra8 36. Qc5 Qe4 37. Ra2 Rd8 38. Rd2 Qf4 39. Qe7 Ra8 40. Ra2 h5
41. Qc5 h4 0-1

[Event "DVM U16 2003"]
[Site "Greifswald GER"]
[Date "2003.12.27"]
[Round "2"]
[White "Schneider, Andreas"]
[Black "Ehrhardt, Eric"]
[Result "0-1"]
[Termination "normal"]
[Board "4.1"]
[WhiteElo "2108"]
[BlackElo "2060"]
[WhiteTeam "Wilhelmshavener SF"]
[BlackTeam "SG Turm Leipzig"]
[PlyCount "70"]
[WhiteFideId "24606022"]
[BlackFideId "24602450"]
[EventCountry "GER"]
[EventRounds "7"]
[EventType "team-swiss"]
[EventDate "2003.12.26"]

1. e4 c5 2. Nc3 e6 3. d3 Nc6 4. g3 Be7 5. Bg2 Nf6 6. f4 d5 7. e5 Nd7 8. Nf3 a6
9. a4 Rb8 10. O-O O-O 11. Kh1 b5 12. axb5 axb5 13. g4 b4 14. Ne2 Qb6 15. Qe1
Ba6 16. f5 b3 17. f6 gxf6 18. exf6 Bxf6 19. g5 Bg7 20. Nf4 Nb4 21. Nh5 Nxc2 22.
Qh4 Bxd3 23. Nf6+ Nxf6 24. gxf6 Bh8 25. Ng5 Bg6 26. Rb1 Nd4 27. Bf4 Ra8 28. Be5
Nf5 29. Qh3 Ra4 30. Bf3 Rh4 31. Qg2 Qd8 32. Bg3 Rc4 33. Rfc1 Rxc1+ 34. Rxc1
Qxf6 35. Nh3 Qxb2 0-1

[Event "DVM U16 2003"]
[Site "Greifswald GER"]
[Date "2003.12.27"]
[Round "2"]
[White "Schumacher, Markus"]
[Black "Lubbe, Nikolas"]
[Result "0-1"]
[Termination "normal"]
[Board "4.2"]
[WhiteElo "1629"]
[BlackElo "2103"]
[WhiteTeam "SG Turm Leipzig"]
[BlackTeam "Wilhelmshavener SF"]
[PlyCount "118"]
[BlackFideId "4694031"]
[EventCountry "GER"]
[EventRounds "7"]
[EventType "team-swiss"]
[EventDate "2003.12.26"]

1. e4 c5 2. Nf3 Nc6 3. Bb5 g6 4. Bxc6 dxc6 5. d3 Bg7 6. Nc3 Bg4 7. h3 Bxf3 8.
Qxf3 e6 9. O-O Ne7 10. Bg5 O-O 11. Bf6 e5 12. Nd1 Qd6 13. Bxg7 Kxg7 14. Ne3 f5
15. Nc4 Qf6 16. Qe3 b5 17. Nd2 f4 18. Qxc5 g5 19. f3 h5 20. Qf2 Kh6 21. Kh1 Rg8
22. g4 fxg3 23. Qxg3 Ng6 24. Rg1 Nf4 25. Rae1 Rg6 26. Nf1 Qe6 27. b3 Nxh3 28.
Rg2 h4 29. Qh2 Rf8 30. Ne3 Rxf3 31. Qxe5 Nf2+ 32. Rxf2 Qxe5 33. Ng4+ Kh5 34.
Nxe5 Rxf2 35. Nxg6 Kxg6 36. e5 Kf7 37. e6+ Ke7 38. Re5 Rxc2 39. Rxg5 Kxe6 40.
a4 b4 41. Ra5 Rc3 42. Rxa7 Rxd3 43. a5 Rxb3 44. a6 Ra3 45. Ra8 Kd5 46. a7 Kc5
47. Kg2 Ra4 48. Kh3 Kb6 49. Kxh4 Rxa7 50. Rg8 b3 51. Rg3 Ra4+ 52. Kg5 Rb4 53.
Rg1 b2 54. Rb1 Ka5 55. Kf5 Ka4 56. Ke5 Kb3 57. Kd6 Ka2 58. Rxb2+ Rxb2 59. Kxc6
Rd2 0-1

[Event "DVM U16 2003"]
[Site "Greifswald GER"]
[Date "2003.12.27"]
[Round "2"]
[White "Lubbe, Alexander"]
[Black "Jänig, Philipp"]
[Result "1/2-1/2"]
[Termination "normal"]
[Board "4.3"]
[WhiteElo "1683"]
[BlackElo "1494"]
[WhiteTeam "Wilhelmshavener SF"]
[BlackTeam "SG Turm Leipzig"]
[PlyCount "96"]
[EventCountry "GER"]
[EventRounds "7"]
[EventType "team-swiss"]
[EventDate "2003.12.26"]

1. e4 c5 2. Nf3 d6 3. d4 cxd4 4. Nxd4 Nf6 5. Nc3 a6 6. Be3 e5 7. Nb3 Be6 8. f3
Be7 9. Qd2 O-O 10. Nd5 Bxd5 11. exd5 Qc7 12. c4 Nbd7 13. Bd3 Rfc8 14. Rc1 Nc5
15. Nxc5 dxc5 16. Rd1 Re8 17. Bxh7+ Nxh7 18. d6 Bxd6 19. Qxd6 Qa5+ 20. Qd2 Qxa2
21. Qc3 Qa4 22. O-O Qb4 23. Qxb4 cxb4 24. b3 Nf8 25. Rd5 Re6 26. Rfd1 f6 27.
Bc5 a5 28. Rd8 Re8 29. Rxe8 Rxe8 30. Bb6 Ra8 31. Ra1 Nd7 32. Bxa5 b6 33. Rd1
bxa5 34. Rxd7 a4 35. bxa4 Rxa4 36. c5 b3 37. Rb7 Rc4 38. Rxb3 Rxc5 39. Kf2 Rc4
40. Re3 Kf7 41. g4 g5 42. Re4 Rd4 43. Ke3 Rd1 44. Rc4 Rd6 45. Ke4 Ke6 46. h3
Rb6 47. Ra4 Rd6 48. Rb4 Rc6 1/2-1/2

[Event "DVM U16 2003"]
[Site "Greifswald GER"]
[Date "2003.12.27"]
[Round "2"]
[White "Ebert, Andreas"]
[Black "Konrad, Maximilian"]
[Result "0-1"]
[Termination "normal"]
[Board "4.4"]
[WhiteElo "1624"]
[BlackElo "1644"]
[WhiteTeam "SG Turm Leipzig"]
[BlackTeam "Wilhelmshavener SF"]
[PlyCount "82"]
[EventCountry "GER"]
[EventRounds "7"]
[EventType "team-swiss"]
[EventDate "2003.12.26"]

1. d4 d5 2. c4 e6 3. Nc3 c6 4. Nf3 f5 5. Bf4 Nf6 6. e3 Be7 7. Bd3 O-O 8. Qc2
Ne4 9. O-O Bd7 10. Ne5 g5 11. Bxe4 fxe4 12. Bg3 Kh8 13. Qe2 Bf6 14. Ng4 Bg7 15.
f4 gxf4 16. Bxf4 Be8 17. Ne5 Nd7 18. Nxd7 Qxd7 19. Rf2 Bg6 20. Raf1 b6 21. h4
h6 22. Qg4 Bf5 23. Qg3 Rg8 24. Be5 Rad8 25. cxd5 cxd5 26. Qh2 Bxe5 27. Qxe5+
Qg7 28. Qxg7+ Rxg7 29. Rc1 Rg3 30. Nd1 Rdg8 31. Kh2 R3g4 32. Nc3 Rxh4+ 33. Kg1
Rh3 34. Nxd5 exd5 35. Rxf5 Rxe3 36. Rxd5 Re2 37. Rc7 Rgxg2+ 38. Kf1 Ref2+ 39.
Ke1 e3 40. Rd8+ Rg8 41. Rdd7 Rg1# 0-1

[Event "DVM U16 2003"]
[Site "Greifswald GER"]
[Date "2003.12.27"]
[Round "2"]
[White "Hoffmann, Udo"]
[Black "Papaioannou, Dimitri"]
[Result "1-0"]
[Termination "normal"]
[Board "5.1"]
[WhiteElo "2138"]
[BlackElo "1922"]
[WhiteTeam "SF 74 Heinsberg"]
[BlackTeam "SF Köln-Mülheim"]
[PlyCount "73"]
[WhiteFideId "24605735"]
[BlackFideId "24673170"]
[EventCountry "GER"]
[EventRounds "7"]
[EventType "team-swiss"]
[EventDate "2003.12.26"]

1. e4 c5 2. c3 Nf6 3. Bd3 Nc6 4. Nf3 d5 5. e5 Ng4 6. Qe2 Qc7 7. Bb5 a6 8. Bxc6+
bxc6 9. h3 Nh6 10. d3 g6 11. Be3 e6 12. Nbd2 Nf5 13. Bg5 a5 14. Nh2 Be7 15.
Bxe7 Nxe7 16. Ng4 Ng8 17. Nb3 h5 18. Nh2 Qb6 19. Qe3 a4 20. Qxc5 Qc7 21. Nd4
Qxe5+ 22. Kf1 Bd7 23. Nhf3 Qb8 24. Qb4 c5 25. Qxc5 Qxb2 26. Re1 Nf6 27. Nc6
Bxc6 28. Qxc6+ Ke7 29. Ne5 Rhc8 30. Nxg6+ Kd8 31. Qd6+ Nd7 32. Ne5 Qb5 33.
Nxf7+ Ke8 34. Rxe6+ Kxf7 35. Re7+ Kg8 36. Qg6+ Kf8 37. Qf7# 1-0

[Event "DVM U16 2003"]
[Site "Greifswald GER"]
[Date "2003.12.27"]
[Round "2"]
[White "Krug, Kevin"]
[Black "van Orsouw, Niclas"]
[Result "1-0"]
[Termination "normal"]
[Board "5.2"]
[WhiteElo "1946"]
[BlackElo "1645"]
[WhiteTeam "SF Köln-Mülheim"]
[BlackTeam "SF 74 Heinsberg"]
[PlyCount "78"]
[WhiteFideId "24609110"]
[EventCountry "GER"]
[EventRounds "7"]
[EventType "team-swiss"]
[EventDate "2003.12.26"]

1. e4 e6 2. d4 d5 3. Nc3 Bb4 4. Nge2 Nf6 5. e5 Nfd7 6. a3 Bxc3+ 7. bxc3 c5 8.
Ng3 Qc7 9. Bd2 Nc6 10. Qg4 cxd4 11. cxd4 Rg8 12. Bd3 Ndxe5 13. Qh4 Nxd3+ 14.
cxd3 h6 15. O-O Qe7 16. Qf4 g5 17. Qe3 f5 18. f4 Bd7 19. Rab1 b6 20. Rfe1 g4
21. Rbc1 Kf7 22. Rxc6 Bxc6 23. Nxf5 Qf6 24. Nd6+ Kg6 25. f5+ Kh7 26. Qxe6 Rgf8
27. Qe7+ Kh8 28. Re6 Qxe7 29. Rxe7 Rf6 30. Bf4 Rd8 31. Nf7+ Rxf7 32. Rxf7 Bb5
33. Be5+ Kg8 34. Rg7+ Kf8 35. Rh7 Rd7 36. Rxh6 Bxd3 37. Rh8+ Kf7 38. Rh5 Ke8
39. Rg5 Rf7 1-0

[Event "DVM U16 2003"]
[Site "Greifswald GER"]
[Date "2003.12.27"]
[Round "2"]
[White "Vieten, Florian"]
[Black "Krutwig, Longlong"]
[Result "0-1"]
[Termination "normal"]
[Board "5.3"]
[WhiteElo "1538"]
[BlackElo "1928"]
[WhiteTeam "SF 74 Heinsberg"]
[BlackTeam "SF Köln-Mülheim"]
[PlyCount "50"]
[BlackFideId "24629979"]
[EventCountry "GER"]
[EventRounds "7"]
[EventType "team-swiss"]
[EventDate "2003.12.26"]

1. e4 Nc6 2. Nc3 e5 3. Bc4 Nf6 4. f4 d6 5. Nf3 exf4 6. d4 Bg4 7. O-O Nh5 8. h3
Bd7 9. Ne5 Nxe5 10. dxe5 Qg5 11. Rf3 dxe5 12. Bxf7+ Kxf7 13. Qxd7+ Be7 14. Qxc7
Rac8 15. Qxb7 Rhd8 16. Nd5 Rxc2 17. Nxf4 Rd1+ 18. Rf1 Nxf4 19. Qb3+ Kg6 20.
Qxc2 Bc5+ 21. Be3 Bxe3+ 22. Kh1 Rd2 23. Qc6+ Kh5 24. g4+ Kh4 25. Qc3 Ne2 0-1

[Event "DVM U16 2003"]
[Site "Greifswald GER"]
[Date "2003.12.27"]
[Round "2"]
[White "Kanevski, Vladyslav"]
[Black "van Orsouw, Svenja"]
[Result "1-0"]
[Termination "normal"]
[Board "5.4"]
[WhiteElo "1672"]
[BlackElo "1486"]
[WhiteTeam "SF Köln-Mülheim"]
[BlackTeam "SF 74 Heinsberg"]
[PlyCount "37"]
[WhiteFideId "1270581"]
[BlackFideId "24677124"]
[EventCountry "GER"]
[EventRounds "7"]
[EventType "team-swiss"]
[EventDate "2003.12.26"]

1. d4 e6 2. Nf3 c5 3. e3 cxd4 4. exd4 d6 5. Bf4 Qa5+ 6. c3 Nc6 7. Nbd2 a6 8.
Bd3 Nf6 9. O-O Be7 10. Re1 b5 11. Ne4 Nxe4 12. Bxe4 Bb7 13. d5 exd5 14. Bxd5
Qc7 15. Bxc6+ Bxc6 16. Bxd6 Bxf3 17. gxf3 Qc6 18. Bxe7 Rg8 19. Bc5+ 1-0

[Event "DVM U16 2003"]
[Site "Greifswald GER"]
[Date "2003.12.27"]
[Round "2"]
[White "Luft, Dennis"]
[Black "Busch, Dean"]
[Result "1/2-1/2"]
[Termination "normal"]
[Board "6.1"]
[WhiteElo "1817"]
[BlackElo "1800"]
[WhiteTeam "SF Brackel 30"]
[BlackTeam "SV 1932 Wermelskirchen"]
[PlyCount "115"]
[WhiteFideId "24623717"]
[EventCountry "GER"]
[EventRounds "7"]
[EventType "team-swiss"]
[EventDate "2003.12.26"]

1. e4 e6 2. d4 d5 3. exd5 exd5 4. c4 dxc4 5. Bxc4 Bd6 6. Nf3 Nf6 7. O-O O-O 8.
Bg5 Bg4 9. Nbd2 Nbd7 10. Re1 c6 11. Rc1 h6 12. Bh4 Bb4 13. Re3 Qa5 14. Qc2 Bf5
15. Qd1 Nd5 16. Bxd5 Qxd5 17. a3 Bd6 18. Qe2 Bf4 19. Rec3 Rfe8 20. Qd1 Re6 21.
Bg3 Bxg3 22. hxg3 Rae8 23. Qa4 a6 24. Qb4 b6 25. Qa4 Nb8 26. Nc4 b5 27. Qb4
bxc4 28. Rxc4 Qb5 29. Qc3 a5 30. Rc5 Qd3 31. Qxa5 Be4 32. R5c3 Qe2 33. b4 Bxf3
34. Rxf3 Qd2 35. Qc5 Qxc1+ 36. Qxc1 Re1+ 37. Qxe1 Rxe1+ 38. Kh2 Rd1 39. Rf4 Na6
40. Rf5 Rxd4 41. Ra5 Nxb4 42. axb4 Rxb4 43. Ra8+ Kh7 44. Rc8 Rc4 45. f3 Rc1 46.
g4 g5 47. Rc7 Kg7 48. Rd7 c5 49. Rc7 c4 50. Rc6 c3 51. Kg3 c2 52. Kf2 Kf8 53.
Kg3 Ke7 54. Kf2 Kd7 55. Rc3 Kd6 56. Rc8 Ke5 57. Kg3 Kd4 58. Kf2 1/2-1/2

[Event "DVM U16 2003"]
[Site "Greifswald GER"]
[Date "2003.12.27"]
[Round "2"]
[White "Nurovic, Semir"]
[Black "Heyden, Jonas"]
[Result "0-1"]
[Termination "normal"]
[Board "6.2"]
[WhiteElo "1500"]
[BlackElo "1630"]
[WhiteTeam "SV 1932 Wermelskirchen"]
[BlackTeam "SF Brackel 30"]
[PlyCount "80"]
[BlackFideId "24638510"]
[EventCountry "GER"]
[EventRounds "7"]
[EventType "team-swiss"]
[EventDate "2003.12.26"]

1. d4 d5 2. c4 c6 3. Nc3 Nf6 4. Nf3 e6 5. e3 Nbd7 6. Bd2 Be7 7. Rc1 O-O 8. cxd5
exd5 9. Bd3 Re8 10. O-O Bd6 11. Re1 Ne4 12. Qc2 Ndf6 13. h3 Re6 14. Bxe4 Nxe4
15. Red1 Qe7 16. Nxd5 Qd7 17. Nc3 Nxc3 18. Bxc3 Rg6 19. Qe4 h6 20. Nh4 Re6 21.
Qg4 Bf8 22. Qe2 Qd5 23. a3 Be7 24. Nf3 Rg6 25. g4 h5 26. e4 Qe6 27. Ne5 Rh6 28.
d5 cxd5 29. exd5 Qb6 30. Nc4 Qd8 31. d6 Bg5 32. Bd2 hxg4 33. hxg4 Bxd2 34. Rxd2
Qh4 35. Qf3 Bxg4 36. Qg2 Bh3 37. Qh2 Rg6+ 38. Kh1 Qe4+ 39. f3 Qxf3+ 40. Rg2
Bxg2+ 0-1

[Event "DVM U16 2003"]
[Site "Greifswald GER"]
[Date "2003.12.27"]
[Round "2"]
[White "Klug, Alexander"]
[Black "Wirths, Clara"]
[Result "1/2-1/2"]
[Termination "normal"]
[Board "6.3"]
[WhiteElo "1704"]
[BlackElo "1508"]
[WhiteTeam "SF Brackel 30"]
[BlackTeam "SV 1932 Wermelskirchen"]
[PlyCount "71"]
[BlackFideId "24632597"]
[EventCountry "GER"]
[EventRounds "7"]
[EventType "team-swiss"]
[EventDate "2003.12.26"]

1. e4 e5 2. Nf3 Nf6 3. Nxe5 d6 4. Nf3 Nxe4 5. d4 d5 6. Bd3 Bg4 7. O-O Nc6 8.
Re1 f5 9. c3 Qd6 10. Qb3 O-O-O 11. Ng5 Qg6 12. f3 Nxg5 13. fxg4 Ne4 14. gxf5
Qxf5 15. Qc2 Bd6 16. Rf1 Bxh2+ 17. Kxh2 Qh5+ 18. Kg1 Ng3 19. Rf3 Qh1+ 20. Kf2
Ne4+ 21. Bxe4 dxe4 22. Rf4 h5 23. Be3 h4 24. Qxe4 g5 25. Rf3 h3 26. Qg4+ Kb8
27. Rxh3 Rxh3 28. Qxh3 Rf8+ 29. Ke2 Qf1+ 30. Kd2 Ne7 31. Kc2 Qe2+ 32. Nd2 a6
33. Qe6 Nf5 34. Kb3 Nxe3 35. Nc4 Qc2+ 36. Ka3 1/2-1/2

[Event "DVM U16 2003"]
[Site "Greifswald GER"]
[Date "2003.12.27"]
[Round "2"]
[White "Fröhlich, Sebastian"]
[Black "Schöttler, Richard"]
[Result "1/2-1/2"]
[Termination "normal"]
[Board "6.4"]
[WhiteElo "1191"]
[BlackElo "1590"]
[WhiteTeam "SV 1932 Wermelskirchen"]
[BlackTeam "SF Brackel 30"]
[PlyCount "69"]
[EventCountry "GER"]
[EventRounds "7"]
[EventType "team-swiss"]
[EventDate "2003.12.26"]

1. e4 e5 2. Nf3 Nc6 3. Bc4 Bc5 4. b4 Bxb4 5. c3 Be7 6. d4 Na5 7. Bb3 exd4 8.
cxd4 Nxb3 9. Qxb3 d5 10. e5 c5 11. dxc5 Qa5+ 12. Bd2 Qa6 13. Nc3 Be6 14. Qb5+
Qxb5 15. Nxb5 Kd7 16. Rc1 Rc8 17. Bb4 a6 18. Nbd4 Ke8 19. a3 a5 20. Bxa5 Rxc5
21. Rxc5 Bxc5 22. Bb4 Bxd4 23. Nxd4 Ne7 24. Nxe6 fxe6 25. Bxe7 Kxe7 26. Ke2 Ra8
27. Rb1 Ra7 28. f4 Kd7 29. Rb3 Kc7 30. Kf3 Ra4 31. g4 Re4 32. Re3 Rxe3+ 33.
Kxe3 g6 34. Kd4 Kc6 35. h4 1/2-1/2

[Event "DVM U16 2003"]
[Site "Greifswald GER"]
[Date "2003.12.27"]
[Round "2"]
[White "Ihl, Thomas"]
[Black "Schneider, David"]
[Result "0-1"]
[Termination "normal"]
[Board "7.1"]
[WhiteElo "1707"]
[BlackElo "2026"]
[WhiteTeam "SC Rochade Saarlouis 93"]
[BlackTeam "SK Dicker Turm Münnerstadt"]
[PlyCount "38"]
[BlackFideId "4697111"]
[EventCountry "GER"]
[EventRounds "7"]
[EventType "team-swiss"]
[EventDate "2003.12.26"]

1. e4 e5 2. Nf3 Nf6 3. Nxe5 d6 4. Nf3 Nxe4 5. d4 d5 6. Bd3 Nc6 7. O-O Bg4 8.
Re1 Be7 9. c3 f5 10. Nbd2 O-O 11. Qc2 Kh8 12. b3 Bd6 13. h3 Bh5 14. Bb2 Qf6 15.
Rf1 Bf4 16. Bxe4 fxe4 17. Ne5 Nxe5 18. dxe5 Bxe5 19. Bc1 Bxc3 0-1

[Event "DVM U16 2003"]
[Site "Greifswald GER"]
[Date "2003.12.27"]
[Round "2"]
[White "Krebs, Martin"]
[Black "Thiery, Ian"]
[Result "1-0"]
[Termination "normal"]
[Board "7.2"]
[WhiteElo "1675"]
[BlackElo "1602"]
[WhiteTeam "SK Dicker Turm Münnerstadt"]
[BlackTeam "SC Rochade Saarlouis 93"]
[PlyCount "55"]
[EventCountry "GER"]
[EventRounds "7"]
[EventType "team-swiss"]
[EventDate "2003.12.26"]

1. d4 d5 2. c4 e6 3. Nc3 Nf6 4. Bg5 Be7 5. Nf3 O-O 6. e3 c6 7. Bd3 Nbd7 8. O-O
dxc4 9. Bxc4 c5 10. Rc1 a6 11. Be2 b6 12. dxc5 Nxc5 13. Qc2 Bb7 14. Rfd1 Nd5
15. Bxe7 Qxe7 16. Nd4 Rfc8 17. Bf3 Nxc3 18. Qxc3 Bxf3 19. Nxf3 Rd8 20. Ne5
Rxd1+ 21. Rxd1 Rd8 22. Rd2 Kf8 23. g3 Rd6 24. b4 Rxd2 25. Qxd2 Na4 26. Qc2 Qxb4
27. Qc8+ Ke7 28. Nc6+ 1-0

[Event "DVM U16 2003"]
[Site "Greifswald GER"]
[Date "2003.12.27"]
[Round "2"]
[White "Loew, Frederic"]
[Black "Schneider, Raphael"]
[Result "1/2-1/2"]
[Termination "normal"]
[Board "7.3"]
[WhiteElo "1456"]
[BlackElo "1628"]
[WhiteTeam "SC Rochade Saarlouis 93"]
[BlackTeam "SK Dicker Turm Münnerstadt"]
[PlyCount "62"]
[EventCountry "GER"]
[EventRounds "7"]
[EventType "team-swiss"]
[EventDate "2003.12.26"]

1. d4 d5 2. c4 c6 3. e3 Nf6 4. Nc3 e6 5. Nf3 c5 6. Be2 Nc6 7. O-O Be7 8. cxd5
Nxd5 9. e4 Nxc3 10. bxc3 cxd4 11. cxd4 O-O 12. e5 Bb4 13. Be3 Ne7 14. Bd3 Nd5
15. Bg5 Be7 16. Bxe7 Qxe7 17. Qe2 Qa3 18. Qe4 f5 19. exf6 Nxf6 20. Qe3 Qd6 21.
Ng5 h6 22. Ne4 Qe7 23. Bc4 b6 24. Ng3 Re8 25. Rfe1 Qd6 26. Rac1 Bd7 27. Nf5 Qb8
28. Qb3 Kh8 29. Bxe6 Bxe6 30. Rxe6 Qf4 31. Rxe8+ Rxe8 1/2-1/2

[Event "DVM U16 2003"]
[Site "Greifswald GER"]
[Date "2003.12.27"]
[Round "2"]
[White "Thiem, Markus"]
[Black "Schwanengel, Moritz"]
[Result "1-0"]
[Termination "normal"]
[Board "7.4"]
[WhiteElo "1400"]
[BlackElo "1184"]
[WhiteTeam "SK Dicker Turm Münnerstadt"]
[BlackTeam "SC Rochade Saarlouis 93"]
[PlyCount "83"]
[EventCountry "GER"]
[EventRounds "7"]
[EventType "team-swiss"]
[EventDate "2003.12.26"]

1. e4 c5 2. Nf3 d6 3. d4 cxd4 4. Nxd4 Nf6 5. Nc3 g6 6. Be3 Ng4 7. Qf3 Nxe3 8.
Qxe3 Bg7 9. O-O-O O-O 10. Nf3 Nc6 11. Bc4 Bg4 12. h3 Bxf3 13. Qxf3 Ne5 14. Qe2
Rc8 15. Bb3 a6 16. Kb1 b5 17. a3 Nc4 18. Bxc4 Rxc4 19. Nd5 e6 20. Nf4 Qf6 21.
Nd3 b4 22. axb4 Rxb4 23. e5 Qh4 24. Nxb4 Qxb4 25. Rxd6 Rb8 26. b3 a5 27. Rhd1
Rb7 28. Rd8+ Bf8 29. R1d4 Qa3 30. Qa6 Rb4 31. Rxb4 Qxb4 32. Qd6 h6 33. Qxb4
axb4 34. Kb2 Kg7 35. c3 Be7 36. Rd7 Kf8 37. Rxe7 Kxe7 38. cxb4 Kd7 39. Kc3 Kc6
40. Kc4 Kb6 41. b5 g5 42. g4 1-0